Catálogo
 En Linea

De domingo a domingo : (Registro nro. 6313)

Detalles MARC
000 -CABECERA
campo de control de longitud fija 00714cam a2200217 a 4500
001 - NÚMERO DE CONTROL
campo de control 000006522
005 - FECHA Y HORA DE LA ÚLTIMA TRANSACCIÓN
campo de control 20200929153938.0
008 - DATOS DE LONGITUD FIJA--INFORMACIÓN GENERAL
campo de control de longitud fija 030317s2001 mx a f001 0 spa
020 ## - NÚMERO INTERNACIONAL ESTÁNDAR DEL LIBRO
Número Internacional Estándar del Libro 9701874161
035 ## - NÚMERO DE CONTROL DEL SISTEMA
Número de control de sistema (MxMxBFM)bm970113344
040 ## - FUENTE DE LA CATALOGACIÓN
Centro catalogador/agencia de origen DO-SdBNP
Centro/agencia transcriptor DLC
Centro/agencia modificador DLC
082 ## - NÚMERO DE LA CLASIFICACIÓN DECIMAL DEWEY
Número de clasificación 928.4
Número de documento/Ítem H498d
049 ## - FONDOS LOCALES (OCLC)
Fondos de biblioteca BNGR
100 1# - ENTRADA PRINCIPAL--NOMBRE DE PERSONA
Nombre de persona Chapa, Martha,
Fechas asociadas al nombre 1946-
9 (RLIN) 18103
245 10 - MENCIÓN DE TÍTULO
Título De domingo a domingo :
Resto del título conversaciones con Andrés Henestrosa /
Mención de responsabilidad, etc. Martha Chapa.
260 ## - PUBLICACIÓN, DISTRIBUCIÓN, ETC.
Lugar de publicación, distribución, etc. México :
Nombre del editor, distribuidor, etc. Instituto Politécnico Nacional,
Fecha de publicación, distribución, etc. 2001.
300 ## - DESCRIPCIÓN FÍSICA
Extensión 174 p. :
Otras características físicas il. ;
Dimensiones 22 cm.
600 10 - PUNTO DE ACCESO ADICIONAL DE MATERIA--NOMBRE DE PERSONA
Nombre de persona HENESTROSA, ANDRÉS,
Fechas asociadas al nombre 1906-2008
Subdivisión de forma ENTREVISTAS
9 (RLIN) 18104
651 #4 - PUNTO DE ACCESO ADICIONAL DE MATERIA--NOMBRE GEOGRÁFICO
Nombre geográfico Mexico
Subdivisión general Vida Intelectual
9 (RLIN) 18105
910 ## - DATOS DE OPCIÓN DEL USUARIO (OCLC)
Datos de opción del usuario Catalogación por copia / LC
Existencias
Estado de retiro Estado de pérdida Restricciones de uso No para préstamo Código de colección Localización permanente Ubicación/localización actual Ubicación en estantería Fecha de adquisición Número de inventario Total de préstamos Signatura topográfica completa Código de barras Fecha visto por última vez Precio válido a partir de Tipo de ítem Koha
    Préstamo interno   Monografías: Libros y Folletos General General En catalogación 31.08.2009 LF1   928.4 H498d 6522-10 25.06.2020 25.06.2020 Préstamo interno

Con tecnología Koha